Normal view
MARC view
- علم النفس التربوي - تطبيقات
Entry Topical Term
001 - CONTROL NUMBER
- control field: 57770
003 - CONTROL NUMBER IDENTIFIER
- control field: JO-AjAnu
005 - DATE AND TIME OF LATEST TRANSACTION
- control field: 20230606083446.0
008 - FIXED-LENGTH DATA ELEMENTS
- fixed length control field: 230606|| aca||aabn | a|a d
040 ## - CATALOGING SOURCE
- Original cataloging agency: JO-AjAnu
- Transcribing agency: JO-AjAnu
150 ## - HEADING--TOPICAL TERM
- Topical term or geographic name entry element: علم النفس التربوي - تطبيقات
670 ## - SOURCE DATA FOUND
- Source citation: Work cat.: (JO-AjAnu)29475: البيلي، محمد عبدالله، قاسم، عبدالله عبد القادر م. مشارك ، الصمادي، أحمد عبد المجيد م.مشارك, author 57769, علم النفس التربوي وتطبيقاته